000 00424nam a2200205Ia 4500
001 12726
003 GE_BSU
008 181216s||||||||xx |||||||||||||| ||und||
020 _a9780140272925
040 _cGE_BSU
080 _a821.111-32
100 _aCourtenay, Bryce
245 _aTandia
260 _aLondon
260 _bPenguin Books
260 _c1991
300 _a905p.18cm.
653 _aTandia
942 _cBK
999 _c45897
_d45897